Faculty of Law Library — Cairo University

Official Online Catalog

القانون الدولي الإنساني العرفي / (Record no. 64248)

MARC details
000 -LEADER
fixed length control field 01302nam a2200349 i 4500
003 - CONTROL NUMBER IDENTIFIER
control field EG-GICUC
005 - DATE AND TIME OF LATEST TRANSACTION
control field 20260226011819.0
008 - FIXED-LENGTH DATA ELEMENTS--GENERAL INFORMATION
fixed length control field 260226s2001 ua ||||fr ||| 00| 0 ara d
017 ## - COPYRIGHT OR LEGAL DEPOSIT NUMBER
Copyright or legal deposit number 2007/40521
020 ## - INTERNATIONAL STANDARD BOOK NUMBER
International Standard Book Number 9775677521
040 ## - CATALOGING SOURCE
Original cataloging agency EG-GICUC
Transcribing agency EG-GICUC
Modifying agency EG-GICUC
Description conventions rda
Language of cataloging ara
082 04 - DEWEY DECIMAL CLASSIFICATION NUMBER
Edition number 21
Classification number 341.65
Item number م ا . ق
092 04 - LOCALLY ASSIGNED DEWEY CALL NUMBER (OCLC)
Edition number 21
099 ## - LOCAL FREE-TEXT CALL NUMBER (OCLC)
Classification number Law1 11 341.65 م ا . ق 2007
100 0# - MAIN ENTRY--PERSONAL NAME
Personal name ماري هنكرتس
Relator term مؤلف.
245 12 - TITLE STATEMENT
Title القانون الدولي الإنساني العرفي /
Statement of responsibility, etc. ماري هنكرتس .
264 #0 - PRODUCTION, PUBLICATION, DISTRIBUTION, MANUFACTURE, AND COPYRIGHT NOTICE
Place of production, publication, distribution, manufacture القاهرة :
Name of producer, publisher, distributor, manufacturer اللجنة الدولية للصليب الأحمر ,
Date of production, publication, distribution, manufacture, or copyright notice 2007 .
300 ## - PHYSICAL DESCRIPTION
Extent 541 صفحة ؛
Dimensions 30 سم.
336 ## - CONTENT TYPE
Content type term text
Source rda content
337 ## - MEDIA TYPE
Media type term Computer
Source rda media
338 ## - CARRIER TYPE
Carrier type term Online Resource
Source rda carrier
546 ## - LANGUAGE NOTE
Language note النص باللغة العربية
650 04 - SUBJECT ADDED ENTRY--TOPICAL TERM
Topical term or geographic name entry element القانون الدولي العام
650 04 - SUBJECT ADDED ENTRY--TOPICAL TERM
Topical term or geographic name entry element منظمة الصليب الأحمر
700 ## - ADDED ENTRY--PERSONAL NAME
Personal name لويز دوزوالد -بك
Relator term مؤلف.
700 ## - ADDED ENTRY--PERSONAL NAME
Personal name كارولين الفرمان
Relator term مؤلف مشارك.
700 ## - ADDED ENTRY--PERSONAL NAME
Personal name كنوت درومان
Relator term مؤلف مشارك.
700 ## - ADDED ENTRY--PERSONAL NAME
Personal name بابتيست رول
Relator term مؤلف مشارك.
856 ## - ELECTRONIC LOCATION AND ACCESS
Uniform Resource Identifier <a href="https://fll.law.cu.edu.eg/fulltext/th/B11-07686.pdf">https://fll.law.cu.edu.eg/fulltext/th/B11-07686.pdf</a>
905 ## - Cataloger and Reviser Names
Cataloger Name: Logain Ashraf
942 ## - ADDED ENTRY ELEMENTS (KOHA)
Source of classification or shelving scheme Dewey Decimal Classification
Koha item type Books
Edition 21
Suppress in OPAC No
Holdings
Withdrawn status Lost status Source of classification or shelving scheme Damaged status Not for loan Collection Home library Current library Date acquired Total checkouts Full call number Barcode Date last seen Copy number Price effective from Koha item type
    Dewey Decimal Classification   Not for loan القانون الدولي العام جــــامعة القــاهرة مكتبة كلية الحقوق - المبنى الرئيسي 26.02.2026   Law1 11 341.65 م ا . ق117686 2007 C1 B11-07686 26.02.2026 1 26.02.2026 Books

© All rights reserved — Faculty of Law, Cairo University